| 000 | 01179nam a2200253 i 4500 | ||
|---|---|---|---|
| 001 | bg | ||
| 245 | 0 | 0 |
_aEksploatacja oczyszczalni ścieków : _b[XI Ogólnopolskie] Seminarium, czerwiec 2003 : materiały seminaryjne / _c[kom. nauk i organizacyjny Jerzy Adamski et al.] ; Polskie Zrzeszenie Inżynierów i Techników Sanitarnych. Oddział w Kielcach, Instytut Zaopatrzenia w Wodę i Budownictwa Wodnego Politechniki Warszawskiej. |
| 260 |
_aKielce : _bPZIiTS, _c2003. |
||
| 300 |
_a239 s. : _brys., wykr. ; _c24 cm. |
||
| 504 | _aBibliogr. przy ref. | ||
| 650 | 9 |
_aOczyszczalnia ścieków _xobsługa i eksploatacja |
|
| 655 | _aMateriały konferencyjne | ||
| 700 | 1 |
_aADAMSKI, Jerzy. _eRed. |
|
| 710 | 0 | _aPolskie Zrzeszenie Inżynierów i Techników Sanitarnych (Kielce) | |
| 710 | 0 |
_aPolitechnika Warszawska _bInstytut Zaopatrzenia w Wodę i Budownictwa Wodnego |
|
| 020 | _a8390851423 | ||
| 040 | _cBPK | ||
| 041 | 0 | _apl | |
| 080 | _a628.32(061) | ||
| 920 | _a83-908514-2-3 | ||
| 942 | _cKS | ||
| 008 | s pl f |000 0 pol | ||
| 999 |
_c45041 _d45041 |
||
| 856 |
_uhttp://koha.tu.koszalin.pl/cgi-bin/koha/opac-detail.pl?biblionumber=45041 _yKatalog online BPK |
||